Transfery Leeds w letnim okienku transferowym 2020/21. - Statystyki

Ogólne statystyki
  • Ten quiz został rozwiązany 34 razy
    28 od ostatniego zresetowania
  • Średni wynik to 5 z 8
Statystyki odpowiedzi
Cena Pozycja Poprzedni klub Piłkarz % Poprawnych
30,00 mln Środkowy napastnik Valencia Rodrigo
96%
13,00 mln Środkowy obrońca Freiburg Koch
73%
18,58 mln Prawy napastnik Rennes Raphinha
73%
20,00 mln Środkowy obrońca Real Sociedad Llorente
69%
6,50 mln Bramkarz Lorient Meslier
69%
17,70 mln Prawy napastnik Wolves Costa
54%
Wypożyczenie Lewy napastnik Manchester City Harrison
46%
1,00 mln Środkowy napastnik Wigan Gelhardt
19%
Nie znaleziono quizów pasujących do podanych kryteriów
Rozkład punktacji
Procent ludzi z każdym wynikiem
Percentyl według liczby udzielonych odpowiedzi
Twoja historia wyników
Nie rozwiązałeś tego quizu od ostatniego zresetowania